000 00537nam a22002057a 4500
003 OSt
005 20140310181910.0
008 130712t xxu||||| |||| 00| 0 eng d
020 _a8171694578
050 _aZ 678
_b.K92 1997
082 _aTR 025.1
_bK89 1997
245 _aLibrary management
_cR. Krishnamurthy
260 _aNew Delhi :
_bCommonwealth Pub,
_cc1997.
300 _a317 p. :
_c22 cm.
520 _a1. Libraries--Administration.
521 _aFaculty
541 _j1
562 _e1
942 _2lcc
_cBK-TR
_kTR
999 _c6500
_d6500